00582nam a22002177a 450000500170000001000110001702000180002803500110004603700160005704000120007308200130008510000220009824500500012024600060017026000390017627000120021530000250022750000600025265000280031265000240034020170124105923.0 a880978 c00a333199987 a880978 bCen Lib/Ret aDPLbEN a339bTHU aThurow, Lester C. aGenerating inequality /cby lester C. Thurow  b  bThe MacMillan Pressc1975aLondon  bLondon  axvi, 258p.c20cm(Hb) aIncludes appendix, bibliogaphical references and index  aIndustrial Economy v  aMarketing Policies